Statistics for TOP 10 X 3 : Healthiest Fruits

Click here to take the quiz!

General Stats

  • This quiz has been taken 64 times
  • The average score is 19 of 30

Answer Stats

RankSuper Fruit% Correct
5.Apple
98%
5.Apple
98%
2.Banana
91%
8.Grape
89%
5.Strawberry
87%
8.Strawberry
87%
1.Blueberry
79%
2.Raspberry
77%
1.Blackberry
72%
10.Lemon
72%
4.Blueberry
70%
9.Pineapple
70%
2.Pineapple
70%
1.Grapefruit
64%
3.Grapefruit
64%
6.Mango
64%
7.Mango
64%
7.Kiwi
62%
7.Kiwi
62%
10.Peach & Nectarine
62%
3.Avocado
57%
3.Avocado
57%
10.Sour Cherry
49%
8.Papaya
45%
9.Cranberry
38%
6.Cranberry
38%
4.Guava
32%
4.Pomegranate
32%
6.Pomegranate
32%
9.Cantaloupe
19%

Score Distribution

Percentile by Number Answered

Percent of People with Each Score

Your Score History

You have not taken this quiz